Germany's cities with 200.000 inhabitants or more - Statistics

General Stats
  • This quiz has been taken 58 times
  • The average score is 35 of 40
Answer Stats
State City % Correct
Berlin Berlin
100%
Hamburg Hamburg
100%
Bayern München
100%
Hessen Frankfurt am Main
98%
Niedersachsen Hannover
98%
Nord Rhein-Westfalen Köln
98%
Baden-Württemberg Stuttgart
98%
Bremen Bremen
96%
Sachsen Dresden
96%
Nord Rhein-Westfalen Düsseldorf
96%
Sachsen Leipzig
96%
Nord Rhein-Westfalen Essen
94%
Schleswig-Holstein Kiel
94%
Bayern Augsburg
91%
Bayern Nürnberg
91%
Mecklenburg-Vorpommern Rostock
91%
Nord Rhein-Westfalen Dortmund
89%
Nord Rhein-Westfalen Duisburg
89%
Nord Rhein-Westfalen Aachen
87%
Nord Rhein-Westfalen Bonn
87%
Baden-Württemberg Karlsruhe
87%
Rheinland-Pfalz Mainz
87%
Sachsen-Anhalt Magdeburg
85%
Baden-Württemberg Mannheim
85%
Nord Rhein-Westfalen Gelsenkirchen
83%
Hessen Wiesbaden
83%
Nord Rhein-Westfalen Bielefeld
81%
Nord Rhein-Westfalen Bochum
81%
Baden-Württemberg Freiburg
81%
Schleswig-Holstein Lübeck
81%
Nord Rhein-Westfalen Münster
81%
Sachsen Chemnitz
80%
Nord Rhein-Westfalen Wuppertal
80%
Thüringen Erfurt
78%
Niedersachsen Braunschweig
76%
Sachsen-Anhalt Halle (Saale)
76%
Hessen Kassel
74%
Nord Rhein-Westfalen Mönchengladbach
74%
Nord Rhein-Westfalen Oberhausen
70%
Nord Rhein-Westfalen Krefeld
65%
No matching quizzes found
Score Distribution
Percent of People with Each Score
Percentile by Number Answered
Your Score History
You have not taken this quiz